| 000 | 00380nam a2200145Ia 4500 | ||
|---|---|---|---|
| 008 | 150201s1972 xx 000 0 und d | ||
| 082 |
_a617.6 _bT1972D |
||
| 100 | _aBEUBERT,L.W. | ||
| 245 | _aTOOTH COLOURED FILLING MATERIALS IN CLINICAL PRACTICE | ||
| 250 | _a1ST | ||
| 260 |
_bBRISTOL-JOHN WRIGHT _aU.K _c1972 |
||
| 300 | _aJan-94 | ||
| 650 | _aPROSTHODONTICS | ||
| 942 |
_2ddc _cBK |
||
| 999 |
_c3095 _d3095 |
||